000 00878nas a2200265 4500
001 BR9604855
003 BR-BrBNA
005 20231205095336.0
007 ta
008 230509b bl.|||p| |||| 00| 00por d
040 _aBR-BrBNA
_bpor
_cBiblioteca Nacional de Agricultura
041 _a(Pt)
072 _aF04
100 1 _aTrivelin, P.C.O.
100 1 _aVictoria, R.L.
100 1 _aRodrigues, J.C.S.
245 1 _aAproveitamento por soqueira de cana-de-acucar de final de safra do nitrogenio da aquamonia-15N e ureia-15N aplicado ao solo em complemento a vinhaca
650 _aCana de Acucar
650 _aFertilizante Nitrogenado
650 _aVinhaca
650 _aSoca
773 0 _tPesquisa Agropecuaria Brasileira (Brazil)
_xISSN 0100-204X
_g(Dec 1995), v. 30(12) p. 1375-1385
_wBR9604855
909 _a202311
_bLúcia
_c55
_dLúcia Elande
942 _2AGRIS
_n0
_cANA
999 _c150140
_d150140